Mary Poppins (Broadway) Characters - Statistics

General Stats
  • This quiz has been taken 36 times
  • The average score is 12 of 29
Answer Stats
Hint Answer % Correct
1 Mary Poppins
100%
27 Bear
96%
2 Bert
88%
3 Jane Banks
88%
4 Michael Banks
88%
5 George Banks
83%
6 Winifred Banks
75%
23 Mrs. Brill
46%
22 Katie Nanna
38%
13 Ms. Andrews
38%
8 Admiral Boom
33%
14 Bird Woman
33%
21 Policeman
33%
25 Northbrook
29%
20 Park Keeper
29%
18 Von Hussler
29%
19 Bank Chairman
25%
9 Mrs. Cory
25%
15 Neleus
25%
10 Annie
21%
11 Fannie
21%
7 Ms. Lark
21%
12 Ms. Smythe
21%
26 Valentine
21%
28 Doll
17%
29 Mr. Punch
17%
17 Queen Victoria
13%
16 Posiden
0%
24 Robinson Aye
0%
No matching quizzes found
Score Distribution
Percent of People with Each Score
Percentile by Number Answered
Your Score History
You have not taken this quiz